An introduction to bio-inorganic chemistry (Record no. 2055)
[ view plain ]
| 000 -LEADER | |
|---|---|
| fixed length control field | 00378nam a22001337a 4500 |
| 020 ## - ISBN | |
| International Standard Book Number | 0398034222 |
| 050 ## - LIBRARY OF CONGRESS CALL NUMBER | |
| Classification Number | QD 415 |
| Item Number | .I58 |
| 245 ## - TITLE | |
| Title | An introduction to bio-inorganic chemistry |
| 260 ## - PUBLICATION, DISTRIBUTION, ETC.(IMPRINT) | |
| Place of publication, distribution, etc | U.S.A : |
| Name of publisher, distributor, etc | Charles C.Thomas publisher, |
| Date of publication, distribution, etc | 1976. |
| 300 ## - PHYSICAL DESCRIPTION | |
| Extent | x,402p. |
| 500 ## - GENERALNOTE | |
| General note | Includes index. |
| 650 ## - SUBJECT--TOPIC | |
| Topical term following geographic name as entry element | Bioinorganic chemistry |
| Form subdivision | Biochemistry |
| General subdivision | Chemistry inorganic |
| 942 ## - ADDED ENTRY ELEMENTS(KOHA) | |
| Koha item type | General circulation |
| Source of classification or shelving scheme | Not for loan | Location (home branch) | Sublocation (holding branch) | Date accessioned | Cost, normal purchase price | Full call number | Barcode | Koha item type | Public note |
|---|---|---|---|---|---|---|---|---|---|
| Library of Congress Classification | Main Campus Library | Main Campus Library | 27/08/2014 | 600.00 | QD 415 .I58 | 2017/020456 | General circulation | jm |